[Event "Rilton Cup"]
[Site "Stockholm"]
[Date "1988.??.??"]
[Round "?"]
[White "Bator, Robert"]
[Black "Smirin, Ilia"]
[Result "0-1"]
[WhiteElo "2370"]
[BlackElo "2500"]

1.d4 Nf6 2.c4 c5 3.d5 g6 4.Nc3 Bg7 5.g3 O-O 6.Bg2 e6 7.Nh3 exd5 8.Nxd5 Nxd5
9.Bxd5 Nc6 10.O-O d6 11.Nf4 Re8 12.Bg2 Bf5 13.Re1 Be4 14.f3 Bf5 15.e4 Bd7
16.Rb1 Nd4 17.b4 b5 18.cxb5 Nxb5 19.Ne2 cxb4 20.Rxb4 Qa5 21.a3 Nxa3 22.Bd2 Qc5+
23.Kh1 Nc2 24.Rb1 Nxe1 25.Qxe1 a5 26.Nf4 a4 27.Bb4 Qe5 28.Ba3 Be6 29.Bf1 Bb3
30.Qd2 Qc3 31.Qe2 Bc4 32.Qxc4 Qxf3+ 33.Bg2 Qxa3 34.Nd5 Rab8 35.Rf1 Kh8 36.e5 dxe5
37.Qe4 Qd6 38.Qxa4 Red8 39.Ne3 Rb4  0-1

[Event "Rilton Cup"]
[Site "Stockholm"]
[Date "1988.??.??"]
[Round "?"]
[White "Pritchett, Craig William"]
[Black "Smirin, Ilia"]
[Result "0-1"]
[WhiteElo "2400"]
[BlackElo "2500"]

1.d4 Nf6 2.Nf3 e6 3.c4 b6 4.g3 Ba6 5.b3 d5 6.cxd5 exd5 7.Bg2 Bd6 8.O-O O-O
9.Nc3 Nbd7 10.Bb2 c6 11.Qc2 Re8 12.Rfe1 c5 13.Rad1 Rc8 14.Qf5 Bb7 15.Nb5 Bb8
16.Bh3 a6 17.Nc3 b5 18.dxc5 Rxc5 19.Nd4 Ne5 20.Qg5 h6 21.Qd2 Neg4 22.Bg2 Ne4
23.Nxe4 dxe4 24.Nc2 Rd5 25.Qc1 Qa5 26.Rxd5 Bxd5 27.Rd1 Bb7 28.Ne3 Ne5 29.Qc3 Qb6
30.Qd4 Qg6 31.Nd5 f5 32.Nf4 Qf6 33.h4 Kh7 34.Bh3 Rf8 35.h5 Rf7 36.Nd5 Qg5
37.Nf4 Nf3+ 38.exf3 Bxf4 39.Bxf5+ Qxf5 40.gxf4 exf3 41.Qd6 Qxh5 42.Qd3+ Rf5
43.Qd7 Qg6+ 44.Kf1 Qg2+ 45.Ke1 Qg1+ 46.Kd2 Rd5+  0-1

[Event "Rilton Cup"]
[Site "Stockholm"]
[Date "1988.??.??"]
[Round "?"]
[White "Smirin, Ilia"]
[Black "Rivas Pastor, Manuel"]
[Result "1/2-1/2"]
[WhiteElo "2500"]
[BlackElo "2505"]

1.e4 e6 2.d4 d5 3.exd5 exd5 4.Bd3 Bd6 5.Ne2 Nf6 6.Bf4 O-O 7.O-O Nc6 8.Bxd6 Qxd6
9.c3 Ne7 10.Nd2 Bf5 11.Nf3  1/2-1/2

[Event "Rilton Cup"]
[Site "Stockholm"]
[Date "1988.??.??"]
[Round "?"]
[White "Smirin, Ilia"]
[Black "Sehner, Norbert"]
[Result "1-0"]
[WhiteElo "2500"]
[BlackElo "2415"]

1.e4 c5 2.Nf3 d6 3.d4 cxd4 4.Nxd4 Nf6 5.Nc3 g6 6.Be3 Bg7 7.f3 Nc6 8.Qd2 O-O
9.O-O-O Nxd4 10.Bxd4 Be6 11.Kb1 Qc7 12.g4 Rfc8 13.h4 Qa5 14.Nd5 Qxd2 15.Rxd2 Nxd5
16.exd5 Bxd5 17.Bxg7 Bxf3 18.Rh3 Bxg4 19.Rg3 Kxg7 20.Rxg4 Rc5 21.Re4 Kf8
22.Bg2 Rb8 23.b4 Rc3 24.Kb2 Rbc8 25.b5 R3c5 26.Bf1 b6 27.a4 R8c7 28.a5 bxa5
29.Ra4 e5 30.c4 a6 31.bxa6 R7c6 32.a7 Ra6 33.Rxd6 Rxa7 34.Kc3 e4 35.Rd5 Rxd5
36.cxd5 f5 37.Kd4 Kf7 38.d6 Ke6 39.Kc5 Rd7 40.Rd4 Rd8 41.Kc6 Ke5 42.Rd5+ Kf4
43.d7 Kg3 44.Kc7 Rxd7+ 45.Rxd7 Kxh4 46.Kd6 e3 47.Ke5 Kg3 48.Rxh7 f4 49.Ke4 g5
50.Be2 a4 51.Ra7 Kf2 52.Bh5 e2 53.Bxe2 Kxe2 54.Rxa4 Kf2 55.Ra3 Kg2 56.Ra5  1-0

[Event "Rilton Cup"]
[Site "Stockholm"]
[Date "1988.??.??"]
[Round "?"]
[White "Smirin, Ilia"]
[Black "Vogt, Lothar"]
[Result "1-0"]
[WhiteElo "2500"]
[BlackElo "2485"]

1.e4 c5 2.Nf3 e6 3.Nc3 d6 4.d4 cxd4 5.Nxd4 Nf6 6.f4 Nc6 7.Be2 Be7 8.Be3 O-O
9.Qd2 e5 10.Nb3 a5 11.a4 exf4 12.Bxf4 Be6 13.Nd4 Nxd4 14.Qxd4 d5 15.e5 Ne4
16.Nxe4 dxe4 17.Qxe4 Bd5 18.Qf5 Bxg2 19.Rg1 Bh4+ 20.Bg3 Bxg3+ 21.hxg3 Bc6
22.Bd3 g6 23.Qf4 Qc7 24.O-O-O Rae8 25.Rde1 f6 26.Qc4+ Kh8 27.Bxg6 Rxe5 28.Qh4 Rxe1+
29.Rxe1 Qg7 30.Bd3 Qg5+ 31.Qxg5 fxg5 32.Re5 g4 33.Be4 Bxa4 34.Rxa5 Be8 35.Bxb7 Rf1+
36.Kd2 Bg6 37.c4 Rf2+ 38.Kc3 Kg7 39.Rg5  1-0

[Event "Rilton Cup"]
[Site "Stockholm"]
[Date "1988.??.??"]
[Round "?"]
[White "Rashkovsky, Nukhim N"]
[Black "Smirin, Ilia"]
[Result "1/2-1/2"]
[WhiteElo "2500"]
[BlackElo "2500"]

1.e4 e5 2.Nc3 Nf6 3.Nf3 Nc6 4.d4 exd4 5.Nxd4 d6 6.Bb5 Bd7 7.Bxc6 Bxc6 8.Nxc6 bxc6
9.O-O Be7 10.Qd3 O-O 11.h3  1/2-1/2

[Event "Vilnius"]
[Site "Vilnius"]
[Date "1988.??.??"]
[Round "?"]
[White "Smirin, Ilia"]
[Black "Akopian, Vladimir"]
[Result "1/2-1/2"]
[WhiteElo "2510"]
[BlackElo "2460"]

1.e4 e5 2.Nf3 Nf6 3.d4 d5 4.Bg5 dxe4 5.Nxe5 Be7 6.Bc4 O-O 7.O-O Nfd7 8.Bf4 Nxe5
9.dxe5 Qxd1 10.Rxd1 Be6 11.Bb3 Bxb3 12.axb3 f5 13.Nc3 Kf7 14.Nb5 Na6 15.e6+ Kf6
16.Bd2 c5 17.Bc3+ Kxe6 18.Bxg7 Rfd8 19.c4 Rxd1+ 20.Rxd1 Rd8 21.Rxd8 Bxd8
22.Nxa7 Bf6 23.Bxf6 Kxf6 24.f3 Nb4 25.Kf2 Ke5 26.Nb5 Nc2 27.Ke2 Na1 28.fxe4 fxe4
29.Ke3 Nxb3 30.Nc3 Na5 31.b3 Nxb3 32.Nxe4 Na5  1/2-1/2

[Event "Vilnius"]
[Site "Vilnius"]
[Date "1988.??.??"]
[Round "?"]
[White "Smirin, Ilia"]
[Black "Malisauskas, Vidmantas"]
[Result "1/2-1/2"]
[WhiteElo "2510"]
[BlackElo "2390"]

1.e4 c5 2.Nf3 d6 3.d4 cxd4 4.Nxd4 Nf6 5.Nc3 a6 6.Be3 Ng4 7.Bg5 h6 8.Bh4 g5
9.Bg3 Nc6 10.Bc4 Bg7 11.Nf5 Bxc3+ 12.bxc3 Nce5 13.Be2 Bxf5 14.exf5 Qa5 15.O-O Nf6
16.Rb1 b5 17.c4 bxc4 18.Rb7 Qc5 19.c3 O-O 20.Rxe7 Rfe8 21.Bxe5 dxe5 22.Rxe8+ Rxe8
23.Qa4 a5 24.Bxc4 Rb8 25.Qd1 Rc8 26.Bb3 Qxc3 27.g3 Kg7 28.Qd6 e4 29.Qa6 Rc6
30.Qb7 Rc7 31.Qb5 Qc5 32.a4 Qc3 33.Qb6 Rd7 34.Qb5 e3 35.Qc4 exf2+ 36.Rxf2 Qe1+
37.Kg2 Qe4+ 38.Qxe4 Nxe4 39.Rc2 Kf6 40.Rc6+ Rd6 41.Rc7 Rd2+ 42.Kg1 Nd6 43.Rc5 Nxf5
44.Rxa5 Ne3 45.Rb5 Rg2+ 46.Kh1  1/2-1/2

[Event "Vilnius"]
[Site "Vilnius"]
[Date "1988.??.??"]
[Round "?"]
[White "Krasenkow, Michal"]
[Black "Smirin, Ilia"]
[Result "1/2-1/2"]
[WhiteElo "2460"]
[BlackElo "2510"]

1.d4 Nf6 2.c4 c5 3.Nf3 cxd4 4.Nxd4 e5 5.Nb5 d5 6.cxd5 Bc5 7.e3 O-O 8.N5c3 e4
9.a3 Qe7 10.Nd2 Rd8 11.b4 Bd6 12.Nc4 Bc7 13.Ra2 Bg4 14.Be2 Bxe2 15.Rxe2 Nc6
16.Bb2 Ne5 17.Nxe5 Bxe5 18.Rd2 Rac8 19.Qb3 Ng4 20.h3 Qh4 21.g3 Bxg3 22.Nxe4 Be5
23.Rg1 Qxh3 24.d6 Qh4 25.Rd5 Bxb2 26.Qxb2 f6 27.Rf5 Nxe3 28.Rxg7+ Kxg7 29.Rg5+ Qxg5
30.Nxg5 Nc2+ 31.Kf1 Rxd6 32.Ne4 Rd1+ 33.Kg2 Nd4 34.Qa2 Rcc1 35.Ng3 Rg1+ 36.Kh3 Nf3
37.Qd5 Ng5+ 38.Kh2 Rgd1 39.Qxb7+ Kg6 40.Qxa7 Rd2 41.Qe3 Re1 42.Qc5  1/2-1/2

[Event "Vilnius"]
[Site "Vilnius"]
[Date "1988.??.??"]
[Round "?"]
[White "Smirin, Ilia"]
[Black "Shabalov, Alexander"]
[Result "0-1"]
[WhiteElo "2510"]
[BlackElo "2400"]

1.e4 e6 2.d4 d5 3.Nd2 Nf6 4.e5 Nfd7 5.c3 c5 6.Ngf3 Be7 7.Bd3 Nc6 8.O-O a5
9.Re1 c4 10.Bc2 b5 11.Nf1 Nb6 12.Ng3 h5 13.h4 Bxh4 14.Nxh4 Qxh4 15.Be3 Kd7
16.Qd2 Qd8 17.Bg5 Qf8 18.Re3 Ne7 19.Rf3 g6 20.Ne2 Kc6 21.Nf4 Rg8 22.Re1 Kb7
23.b3 Bd7 24.Rb1 Rc8 25.bxc4 Nxc4 26.Qc1 Ka7 27.Bd3 Nf5 28.Bxf5 gxf5 29.Nxh5 Bc6
30.Nf6 Rg6 31.Rh3 Qa3 32.Rh7 Rc7 33.Nh5 a4 34.Ra1 Rb7 35.Qxa3 Nxa3 36.Bh6 Rg8
37.Rd1 Rc8 38.Rd3 Nb1 39.Kh2 Ka6 40.Rg3 Ka5 41.Nf4 b4 42.cxb4+ Kxb4 43.Nd3+ Kc4
44.Nc5 Rb2 45.Rxf7 Rxa2 46.Nxe6 Rxf2 47.Rf8 Rxf8 48.Bxf8 f4 49.Rg6 a3 50.Nc7 Bb7
51.e6 a2 52.e7 Re2 53.Ne6 a1=Q 54.e8=Q Nd2 55.Kh3 Qh1+ 56.Kg4 Rxg2+ 57.Kxf4 Rf2+  0-1

[Event "Vilnius"]
[Site "Vilnius"]
[Date "1988.??.??"]
[Round "?"]
[White "Rozentalis, Eduardas"]
[Black "Smirin, Ilia"]
[Result "1-0"]
[WhiteElo "2520"]
[BlackElo "2510"]

1.e4 c5 2.c3 d6 3.d4 Nf6 4.Bd3 cxd4 5.cxd4 g6 6.Ne2 Bg7 7.O-O O-O 8.Nbc3 Nc6
9.f3 e5 10.d5 Ne7 11.Be3 Ne8 12.Qb3 f5 13.Nb5 b6 14.a4 Nf6 15.Qb4 Ba6 16.h3 Kh8
17.Nec3 Nh5 18.Rad1 f4 19.Bf2 Rf6 20.Bh4 g5 21.Bxg5 Rg6 22.Nxd6 Qg8 23.Nf7+ Qxf7
24.Qxe7 Qg8 25.Bxa6 Bf8 26.Qxe5+ Bg7 27.Qc7 Rxg5 28.Rf2 Be5 29.d6 Qg6 30.Bc8 Qf6
31.Qb7 Bd4 32.Rxd4  1-0

[Event "Vilnius"]
[Site "Vilnius"]
[Date "1988.??.??"]
[Round "?"]
[White "Khalifman, Alexander"]
[Black "Smirin, Ilia"]
[Result "1-0"]
[WhiteElo "2505"]
[BlackElo "2510"]

1.e4 c5 2.Nf3 d6 3.d4 cxd4 4.Nxd4 Nf6 5.Nc3 g6 6.Be3 Bg7 7.f3 O-O 8.Qd2 Nc6
9.Bc4 Bd7 10.h4 h5 11.O-O-O Rc8 12.Bb3 Ne5 13.Bh6 Nc4 14.Bxc4 Rxc4 15.Bxg7 Kxg7
16.g4 e5 17.Nf5+ gxf5 18.gxf5 Bc6 19.Rdg1+ Kh7 20.Rg5 Rg8 21.Rhg1 b5 22.b3 Rc5
23.Kb1 b4 24.Ne2 d5 25.Ng3 Rxg5 26.Qxg5 Qg8 27.Qxf6 dxe4 28.Ne2  1-0

[Event "Vilnius"]
[Site "Vilnius"]
[Date "1988.??.??"]
[Round "?"]
[White "Gelfand, Boris"]
[Black "Smirin, Ilia"]
[Result "1-0"]
[WhiteElo "2505"]
[BlackElo "2510"]

1.d4 Nf6 2.c4 c5 3.Nf3 cxd4 4.Nxd4 b6 5.Nc3 Bb7 6.f3 d6 7.e4 Nbd7 8.Be2 e6
9.O-O Be7 10.Be3 O-O 11.a4 a6 12.a5 bxa5 13.Nb3 Rb8 14.Nxa5 Ba8 15.Qd2 Qc7
16.Rfc1 Rfc8 17.Na4 Nc5 18.b4 Nxa4 19.Rxa4 Qd7 20.Rca1 Rd8 21.Bf1 Qc7 22.Nb3 Bb7
23.Qf2 Nd7 24.Na5 Ba8 25.Ba7 Rbc8 26.Bd4 Rb8 27.Ba7 Rbc8 28.Nb3 Bb7 29.Bd4 Rb8
30.Qg3 g6 31.b5 e5 32.Ba7 Ra8 33.Qf2 axb5 34.cxb5 d5 35.Rc1 Qd6 36.Na5 Rxa7
37.Qxa7 Ba8 38.Nc6 Bxc6 39.Rxc6 Qc5+ 40.Kh1  1-0

[Event "URS-sf"]
[Site "Daugavpils"]
[Date "1989.??.??"]
[Round "?"]
[White "Epishin, Vladimir"]
[Black "Smirin, Ilia"]
[Result "1/2-1/2"]
[WhiteElo "2460"]
[BlackElo "2530"]

1.e4 c5 2.Nf3 d6 3.c3 Nf6 4.Be2 g6 5.O-O Bg7 6.Bb5+ Nc6 7.e5 dxe5 8.Nxe5 O-O
9.Bxc6 bxc6 10.Re1 Qd5 11.Qa4 Bb7 12.Na3 Nh5 13.Qe4 Rad8 14.Qxd5 cxd5 15.d4 c4
16.b3 f6 17.Ng4 e5 18.dxe5 fxe5 19.Bg5 Rc8 20.bxc4 dxc4 21.Nb5 Ba6 22.a4 Nf4
23.Nxa7 Rb8 24.Nc6 Rb2 25.Be7  1/2-1/2

[Event "URS-sf"]
[Site "Daugavpils"]
[Date "1989.??.??"]
[Round "?"]
[White "Petrosian, Arshak B"]
[Black "Smirin, Ilia"]
[Result "1/2-1/2"]
[WhiteElo "2490"]
[BlackElo "2530"]

1.d4 d5 2.c4 c6 3.Nf3 Nf6 4.cxd5 cxd5 5.Nc3 Nc6 6.Bf4 Bf5 7.e3 e6 8.Bd3 Bxd3
9.Qxd3 Bd6 10.Bxd6 Qxd6 11.O-O O-O 12.Rfc1 Rfc8 13.Ne2  1/2-1/2

[Event "URS-sf"]
[Site "Daugavpils"]
[Date "1989.??.??"]
[Round "?"]
[White "Akopian, Vladimir"]
[Black "Smirin, Ilia"]
[Result "0-1"]
[WhiteElo "2525"]
[BlackElo "2530"]

1.e4 c5 2.Nf3 d6 3.d4 cxd4 4.Nxd4 Nf6 5.Nc3 Nc6 6.Bg5 e6 7.Qd2 Be7 8.O-O-O O-O
9.Nb3 a6 10.f4 b5 11.Bxf6 gxf6 12.f5 Kh8 13.g3 b4 14.Ne2 e5 15.c3 a5 16.cxb4 Nxb4
17.Kb1 Bb7 18.Nc3 Qb6 19.Bc4 a4 20.Nc1 Rfc8 21.Bd5 a3 22.b3 Rxc3 23.Qxc3 Rc8
24.Qe1 Nxd5 25.exd5 Qc5 26.Qe4 Qc3 27.Qg2 Bf8 28.Qd2 Qc5 29.Nd3 Qxd5 30.Rhe1 e4
31.Nf4 Qxf5 32.Re3 d5 33.Rc3 Rd8 34.Rc7 Ba6 35.Qc2 Qe5 36.Rxf7 Bg7 37.Rd2 f5
38.Rxg7 Kxg7 39.Qc6 Rc8 40.Qd7+ Kh8 41.Rc2 Re8 42.Qc7 Qxc7 43.Rxc7 e3 44.Ng2 d4
45.Kc2 Be2 46.Rc5 Bf3 47.Nh4 Be4+ 48.Kd1 d3 49.Ke1 d2+  0-1

[Event "URS-sf"]
[Site "Daugavpils"]
[Date "1989.??.??"]
[Round "?"]
[White "Smirin, Ilia"]
[Black "Lukin, Andrei M"]
[Result "1/2-1/2"]
[WhiteElo "2530"]
[BlackElo "2445"]

1.e4 c5 2.Nf3 d6 3.d4 cxd4 4.Nxd4 Nf6 5.Nc3 e6 6.Be2 Be7 7.O-O Nc6 8.Kh1 O-O
9.f4 Qc7 10.Be3 a6 11.a4 Bd7 12.Qe1 Nxd4 13.Bxd4 Bc6 14.Bd3 e5 15.fxe5 dxe5
16.Qg3 Nd7 17.Be3  1/2-1/2

[Event "URS-sf"]
[Site "Daugavpils"]
[Date "1989.??.??"]
[Round "?"]
[White "Smirin, Ilia"]
[Black "Ubilava, Elizbar"]
[Result "1-0"]
[WhiteElo "2530"]
[BlackElo "2525"]

1.e4 g6 2.d4 Bg7 3.Nc3 c6 4.Bc4 b5 5.Bb3 b4 6.Nce2 d5 7.exd5 cxd5 8.Nf3 Nf6
9.a3 bxa3 10.Rxa3 O-O 11.O-O Nbd7 12.Ne5 e6 13.Bf4 Qb6 14.Nc3 Nh5 15.Na4 Qb4
16.Nxd7 Bxd7 17.Be3 Rfc8 18.c3 Qd6 19.Nc5 Bb5 20.Re1 a6 21.Qf3 Nf6 22.h4 h5
23.Bf4 Qc6 24.Bc2 Re8 25.Be5 Nd7 26.Nxd7 Qxd7 27.g4 hxg4 28.Qxg4 Qe7 29.h5 f6
30.Bxg6 fxe5 31.Bxe8 Rxe8 32.h6 e4 33.c4 Bxc4 34.Rg3 Rf8 35.b3 Bxb3 36.Rxb3 Rf7
37.Qg6 Qc7 38.Reb1  1-0

[Event "URS-sf"]
[Site "Daugavpils"]
[Date "1989.??.??"]
[Round "?"]
[White "Vitolinsh, Alvis"]
[Black "Smirin, Ilia"]
[Result "0-1"]
[WhiteElo "2425"]
[BlackElo "2530"]

1.e4 c5 2.Nf3 d6 3.d4 cxd4 4.Nxd4 Nf6 5.Nc3 Nc6 6.Bg5 e6 7.Qd2 Be7 8.O-O-O O-O
9.Nb3 a6 10.Bxf6 gxf6 11.f4 b5 12.Bd3 Kh8 13.Rhe1 Rg8 14.Nd5 exd5 15.exd5 Ne5
16.fxe5 fxe5 17.Kb1 Bg4 18.Be2 Bd7 19.Na5 Rxg2 20.Nc6 Qf8 21.Rg1 Rxg1 22.Rxg1 f5
23.a4 Bf6 24.axb5 axb5 25.Bxb5 e4 26.c3 Re8 27.Nd4 e3 28.Qd3 Bxb5 29.Nxb5 e2
30.Re1 Qe7 31.Nd4 Bxd4 32.Qxd4+ Qg7 33.Qd3 Qg4 34.Kc2 Re5 35.Qd4 f4 36.Ra1 Qg2
37.Ra8+ Kg7  0-1

[Event "URS-sf"]
[Site "Daugavpils"]
[Date "1989.??.??"]
[Round "?"]
[White "Yuneev, Alexey"]
[Black "Smirin, Ilia"]
[Result "0-1"]
[WhiteElo "2345"]
[BlackElo "2530"]

1.d4 Nf6 2.c4 c5 3.d5 g6 4.Nc3 Bg7 5.e4 d6 6.Bd3 O-O 7.f4 e6 8.dxe6 fxe6
9.Nge2 Nc6 10.O-O a6 11.a4 b6 12.Ng3 Nd7 13.Qg4 Nd4 14.Be3 Qe7 15.Rae1 Bb7
16.h4 Kh8 17.h5 g5 18.e5 gxf4 19.exd6 Qxd6 20.Bxf4 Nf3+ 21.Qxf3 Rxf4 22.Qxf4 Qxd3
23.Rxe6 Rf8 24.Nf5 Bd4+ 25.Kh2 Qxc4 26.Re7 Be5 27.Rxe5 Qxf4+ 28.Rxf4 Nxe5
29.Nd1 Bc6 30.Nde3 Nd3 31.Rg4 Bd7 32.Rg5 Nxb2 33.a5 Bxf5 34.Nxf5 b5 35.Nd6 Nd3
36.h6 Rf6 37.Rd5 Nb4  0-1

[Event "URS-chTJ"]
[Site "Kramatorsk"]
[Date "1989.??.??"]
[Round "?"]
[White "Smirin, Ilia"]
[Black "Ulibin, Mikhail"]
[Result "0-1"]
[WhiteElo "2530"]
[BlackElo "2495"]

1.c4 e5 2.Nc3 Nc6 3.g3 g6 4.Bg2 Bg7 5.Nf3 f5 6.d3 Nf6 7.O-O O-O 8.Bg5 h6
9.Bxf6 Bxf6 10.Rb1 a5 11.Nd2 Ne7 12.c5 Kh7 13.Nc4 d5 14.cxd6 cxd6 15.Qb3 Be6
16.Rbc1 Rc8 17.Qxb7 d5 18.Nd2 d4 19.Na4 Bg5 20.f4 exf4 21.Nc5 Bd5 22.Bxd5 Qxd5
23.gxf4 Bxf4 24.Qxe7+ Rf7 25.Nde4 Be3+ 26.Kg2 Rxe7  0-1

[Event "Rubinstein mem"]
[Site "Polanica Zdroj"]
[Date "1989.??.??"]
[Round "4"]
[White "Haba, Petr"]
[Black "Smirin, Ilia"]
[Result "0-1"]
[WhiteElo "2480"]
[BlackElo "2490"]

1.d4 Nf6 2.c4 c5 3.d5 g6 4.Nc3 Bg7 5.e4 O-O 6.Nf3 e6 7.Be2 d6 8.O-O Re8 9.Nd2 Na6
10.f4 Nc7 11.a4 exd5 12.cxd5 Rb8 13.Kh1 a6 14.a5 Bd7 15.Bf3 Nb5 16.e5 dxe5
17.fxe5 Rxe5 18.Nc4 Rf5 19.Ne3 Rf4 20.Ne2 Rh4 21.g3 Re4 22.Bxe4 Nxe4 23.Nc4 Qe7
24.Be3 Nf6 25.Kg1 Qe4 26.Rf4 Qxd5 27.Rxf6 Qxc4 28.Ra4 Nc3 29.Qxd7 Nxa4 30.Rf4 Qxe2
31.Qxf7+ Kh8 32.Re4  0-1

[Event "Rubinstein mem"]
[Site "Polanica Zdroj"]
[Date "1989.??.??"]
[Round "6"]
[White "Tseitlin, Mikhail S"]
[Black "Smirin, Ilia"]
[Result "1/2-1/2"]
[WhiteElo "2460"]
[BlackElo "2490"]

1.d4 Nf6 2.Nf3 g6 3.c4 Bg7 4.Nc3 O-O 5.e4 d6 6.Be2 e5 7.dxe5 dxe5 8.Qxd8 Rxd8
9.Bg5 c6 10.Nxe5 Re8 11.O-O-O Na6 12.f4 h6 13.Bxf6 Bxf6 14.Bf3 Bxe5 15.fxe5 Be6
16.b3 Nc5 17.Rd6 Nd7 18.Nd5 cxd5 19.cxd5 Nxe5 20.dxe6 Rxe6 21.Rxe6 fxe6 22.Kd2 Rc8
23.Be2 Kf7 24.h4 Ke7 25.Rf1 Rc5 26.a3 Ra5 27.Ra1 Nc6 28.b4 Nxb4 29.Rb1 Nc6
30.Rxb7+ Kf6 31.Rb3 Nd4 32.Rc3 Ke5 33.Bf1 Kf4 34.g3+ Ke5 35.Bd3 Kf6 36.Ke3 e5
37.Kf2 g5 38.hxg5+ Kxg5 39.Kg2 Ne6 40.Rc6 Nd4 41.Rc3 h5 42.Kf2 h4 43.Bf1 Kg4
44.gxh4 Kxh4 45.Bd3 Kg4 46.Ke3 Kg3 47.a4 Rxa4 48.Rc5 Nf3 49.Rc8 Nh2 50.Rg8+ Ng4+
51.Kd2 Ra2+ 52.Bc2 Kf4 53.Rf8+ Kg5 54.Rg8+ Kf4 55.Rf8+ Kg3 56.Rg8 Kh4 57.Rh8+ Kg5
58.Rg8+ Kh5 59.Rh8+ Nh6 60.Re8 Ra5 61.Bb3 Kg5 62.Bd5 Ng4 63.Rg8+ Kf4 64.Rf8+ Kg3
65.Kc3 Ne3 66.Kb4 Ra1 67.Kc5 a5 68.Kd6 Ng4 69.Kc5 Nf2 70.Kd6 Ng4 71.Kc5 Ne3
72.Rg8+ Kf3 73.Rf8+ Ke2 74.Re8 Kd3 75.Rxe5 Kd2 76.Re8  1/2-1/2

[Event "Rubinstein mem"]
[Site "Polanica Zdroj"]
[Date "1989.??.??"]
[Round "7"]
[White "Smirin, Ilia"]
[Black "Novikov, Igor A"]
[Result "1/2-1/2"]
[WhiteElo "2490"]
[BlackElo "2490"]

1.e4 c5 2.Nf3 d6 3.d4 cxd4 4.Nxd4 Nf6 5.Nc3 a6 6.Be3 e6 7.a4 Nc6 8.Be2 Be7
9.O-O O-O 10.f4 Qc7 11.Kh1 Re8 12.Bd3 Nb4 13.a5 Bd7 14.Qf3 e5 15.fxe5 dxe5
16.Nf5 Bxf5 17.Qxf5 Nxd3 18.cxd3 Bb4 19.Bh6 Qd7 20.Qxd7 Nxd7 21.Nd5 Bd6 22.Be3 Rac8
23.Rfc1 Rxc1+ 24.Rxc1 Nb8 25.b4 Nc6 26.Bc5 Bxc5 27.Rxc5 Kf8 28.b5 axb5 29.a6 Ra8
30.Nc7 Ra7 31.Kg1 Nb4 32.Rxe5 f6 33.Rxb5 bxa6 34.Rxb4  1/2-1/2

[Event "Rubinstein mem"]
[Site "Polanica Zdroj"]
[Date "1989.??.??"]
[Round "8"]
[White "Petrosian, Arshak B"]
[Black "Smirin, Ilia"]
[Result "1/2-1/2"]
[WhiteElo "2475"]
[BlackElo "2490"]

1.d4 Nf6 2.c4 g6 3.Nc3 Bg7 4.e4 d6 5.Be2 O-O 6.Bg5 h6 7.Be3 e5 8.d5 c6 9.Qd2 h5
10.f3 a6 11.Bd3 b5 12.Nge2 cxd5 13.cxd5 Nh7 14.O-O Nd7 15.b4 f5 16.exf5 gxf5
17.a4 bxa4 18.Rxa4 h4 19.h3 Kh8 20.Bf2 Qf6 21.f4 exf4 22.Qxf4 Ne5 23.Bxh4 Qg6
24.Qd2 Rg8 25.Nf4 Qh6 26.Bg3 Bf6 27.Bh2 Bg5 28.Kh1 Nf6 29.b5 a5 30.Bb1 Bd7
31.Qd4 Rac8 32.Nfe2  1/2-1/2

[Event "Rubinstein mem"]
[Site "Polanica Zdroj"]
[Date "1989.??.??"]
[Round "9"]
[White "Smirin, Ilia"]
[Black "Davies, Nigel R"]
[Result "1-0"]
[WhiteElo "2490"]
[BlackElo "2485"]

1.e4 c5 2.Nf3 g6 3.c3 Bg7 4.d4 cxd4 5.cxd4 d5 6.e5 Bg4 7.Nc3 Nc6 8.Be3 Nh6
9.Qb3 Qd7 10.Bb5 Bxf3 11.gxf3 e6 12.Bd3 O-O 13.h4 f6 14.f4 fxe5 15.fxe5 Nf5
16.Bxf5 Rxf5 17.Ne2 Rc8 18.f4 Ne7 19.Ng3 Rf7 20.h5 Nf5 21.hxg6 hxg6 22.Nxf5 Rxf5
23.Kd2 Qf7 24.Rac1 Rxc1 25.Rxc1 Rh5 26.Re1 Rh2+ 27.Re2 Rxe2+ 28.Kxe2 Qd7
29.Bd2 Bf8 30.Kf2 Qc6 31.Qd3 Kf7 32.b3 a6 33.Ke1 Qc8 34.Kd1 Qe8 35.Qc3 Qd7
36.Qa5 Kg8 37.Bb4 Bh6 38.Qc5 Qf7 39.Bd2 Bxf4 40.Qc8+  1-0

[Event "Rubinstein mem"]
[Site "Polanica Zdroj"]
[Date "1989.??.??"]
[Round "10"]
[White "Siekanski, Janusz"]
[Black "Smirin, Ilia"]
[Result "0-1"]
[WhiteElo "2340"]
[BlackElo "2490"]

1.Nf3 Nf6 2.c4 g6 3.Nc3 Bg7 4.g3 O-O 5.Bg2 d6 6.O-O c6 7.d3 e5 8.Rb1 a5 9.a3 Re8
10.Bg5 h6 11.Bxf6 Bxf6 12.b4 axb4 13.axb4 d5 14.cxd5 cxd5 15.d4 e4 16.Ne1 Be6
17.e3 h5 18.f3 Bg5 19.Nc2 Qc7 20.Rb3 exf3 21.Bxf3 Qc4 22.Qb1 Nd7 23.Ne2 Nb6
24.Rc3 Qb5 25.Na3 Rxa3 26.Rxa3 Nc4 27.Rc3 Bxe3+ 28.Rxe3 Nxe3 29.Re1 Bf5 30.Nc3 Qc4
31.Qc1 Qxd4 32.Nb5 Qxb4 33.Nc7 Rc8 34.Rxe3 Qb6 35.Kg2 Rxc7 36.Re8+ Kh7 37.Qa3 Rc2+
38.Be2 Be4+ 39.Rxe4  0-1

[Event "Rubinstein mem"]
[Site "Polanica Zdroj"]
[Date "1989.??.??"]
[Round "11"]
[White "Smirin, Ilia"]
[Black "Stempin, Pawel"]
[Result "1-0"]
[WhiteElo "2490"]
[BlackElo "2395"]

1.e4 e5 2.Nf3 Nc6 3.Bb5 a6 4.Ba4 Nf6 5.O-O Be7 6.Re1 b5 7.Bb3 d6 8.c3 O-O
9.h3 Be6 10.d4 Bxb3 11.axb3 exd4 12.cxd4 d5 13.e5 Nd7 14.Nc3 Nb4 15.Ne2 Re8
16.Ng3 c5 17.Nf5 Bf8 18.Ng5 h6 19.Nxf7 Kxf7 20.Qh5+ Kg8 21.Qg6 Re7 22.Bxh6 Qe8
23.Nxe7+ Qxe7 24.Bd2 Nb8 25.Bxb4 cxb4 26.Rac1 Ra7 27.Rc8 Rb7 28.e6  1-0

[Event "Rubinstein mem"]
[Site "Polanica Zdroj"]
[Date "1989.??.??"]
[Round "14"]
[White "Smirin, Ilia"]
[Black "Zaichik, Gennadi"]
[Result "1-0"]
[WhiteElo "2490"]
[BlackElo "2500"]

1.e4 d6 2.d4 Nf6 3.Nc3 g6 4.Nf3 Bg7 5.h3 O-O 6.Be3 a6 7.Bd3 Nc6 8.d5 Nb8
9.O-O b5 10.Qd2 c6 11.Bh6 Bb7 12.Bxg7 Kxg7 13.dxc6 Nxc6 14.a4 b4 15.Nd5 Qa5
16.Nxf6 exf6 17.Rfe1 Rac8 18.Re3 Rfe8 19.Nh4 Qh5 20.Nf3 Qc5 21.Rae1 Nd4 22.Nxd4 Qxd4
23.b3 a5 24.Rd1 d5 25.Qe2 Qc5 26.e5 f5 27.f4 d4 28.Rg3 Be4 29.Kh2 Bxd3 30.Qxd3 Qxc2
31.Qxd4 Qc5 32.Qd7 Qc2 33.Rd6 Qf2 34.Rf3 Qe1 35.Rf6 Rf8 36.Rxf7+ Rxf7 37.Qxc8 Qe4
38.Qd8 h5 39.Qxa5 Rd7 40.Qb6  1-0

[Event "Dortmund op"]
[Site "Dortmund"]
[Date "1990.??.??"]
[Round "5"]
[White "Cladouras, Panagiotis"]
[Black "Smirin, Ilia"]
[Result "1/2-1/2"]
[WhiteElo "2410"]
[BlackElo "2535"]

1.e4 c5 2.Nf3 Nc6 3.Bb5 g6 4.O-O Bg7 5.Re1 Nf6 6.c3 O-O 7.e5 Nd5 8.d4 cxd4
9.cxd4 d6 10.h3 dxe5 11.dxe5 Ndb4 12.Qa4 Bf5 13.Bxc6 Nc2 14.Bxb7 Nxe1 15.Bxa8 Nd3
16.Bc6 Nxc1 17.Nc3 Nd3 18.Qxa7 Qb8 19.Qxb8 Rxb8 20.a4 Rxb2 21.a5 Nxe5 22.Nxe5 Bxe5
23.a6 Bd4 24.a7 Bxf2+ 25.Kh1 Bxa7 26.Rxa7 Kf8 27.Bf3 Rb3 28.Rc7 Be6 29.Kh2 Rb8
30.Ne4 Rc8 31.Rxc8+ Bxc8 32.Kg3 e5 33.Nc5 Ke7 34.Bb7 Bf5 35.Be4 Bc8 36.Bb7 Bf5
37.Be4 Bc8 38.Bb7  1/2-1/2

[Event "Dortmund op"]
[Site "Dortmund"]
[Date "1990.??.??"]
[Round "6"]
[White "Smirin, Ilia"]
[Black "Tischbierek, Raj"]
[Result "1/2-1/2"]
[WhiteElo "2535"]
[BlackElo "2440"]

1.e4 c5 2.Nf3 d6 3.d4 cxd4 4.Nxd4 Nf6 5.Nc3 Nc6 6.Be2 e6 7.O-O Be7 8.Kh1 O-O
9.f4 Nxd4 10.Qxd4 b6 11.Be3 Bb7 12.Rad1 Qc8 13.Bf3 Rd8 14.f5 e5 15.Qa4 b5
16.Qb3 h6 17.Nxb5 Bxe4 18.Bxe4 Nxe4 19.Nxa7 Qa6 20.Qd3 Qb7 21.Qd5 Qxd5 22.Rxd5 Rd7
23.Nc6 Rxa2 24.Nxe5 Rc7 25.Nd3 Bg5 26.Bxg5 hxg5 27.c3 Nc5 28.Re1 Nxd3 29.Rxd3 g4
30.b4 Rc2 31.Kg1 R7xc3 32.Rxc3 Rxc3 33.Rb1 Kh7 34.b5 Kh6 35.b6 Rc8 36.Kf2 Kg5
37.Rb5 Kf4 38.b7 Rb8 39.Ke2 Ke4 40.Kd2 Kd4 41.Rb4+ Kc5 42.Rxg4 Rxb7 43.Rxg7 Kd4
44.h4 Rb2+ 45.Kc1 Rf2 46.g4 f6 47.Ra7 Ke5 48.h5 Kf4 49.Rg7 Rh2 50.Rg6 d5
51.h6 Ke5  1/2-1/2

[Event "Dortmund op"]
[Site "Dortmund"]
[Date "1990.??.??"]
[Round "7"]
[White "Padevsky, Nikola"]
[Black "Smirin, Ilia"]
[Result "0-1"]
[WhiteElo "2435"]
[BlackElo "2535"]

1.Nf3 Nf6 2.g3 g6 3.Bg2 Bg7 4.O-O O-O 5.d4 c6 6.c4 d6 7.Nc3 a6 8.a3 b5 9.cxb5 axb5
10.Bf4 Nbd7 11.Qc2 Nb6 12.b3 Nbd5 13.Nxd5 cxd5 14.Bd2 Bf5 15.Qb2 Ne4 16.Bb4 Qd7
17.Rfc1 Bh3 18.Bh1 f5 19.e3 f4 20.exf4 Rxf4 21.Bd2 Rxf3 22.Bxf3 Qf5  0-1

[Event "Dortmund op"]
[Site "Dortmund"]
[Date "1990.??.??"]
[Round "10"]
[White "Smirin, Ilia"]
[Black "Vokac, Marek"]
[Result "1-0"]
[WhiteElo "2535"]
[BlackElo "2465"]

1.e4 c5 2.Nf3 Nf6 3.e5 Nd5 4.Nc3 e6 5.Nxd5 exd5 6.d4 Nc6 7.dxc5 Bxc5 8.Qxd5 d6
9.Bd3 Be6 10.Qe4 dxe5 11.O-O f6 12.b4 Bxb4 13.Rb1 Bd5 14.Qg4 Qe7 15.Bxh7 Rxh7
16.Qg6+ Qf7 17.Qxh7 Bxa2 18.Rb2 O-O-O 19.c3 Bxc3 20.Rc2 Bb4 21.Qe4 a5 22.Bd2 Bd5
23.Qf5+ Be6 24.Qe4 Bd5 25.Qf5+ Qd7 26.Qg6 Be6 27.Qg3 Bf5 28.Rb2 Bc5 29.Rc1 b6
30.Nh4 Be4 31.h3 g5 32.Bxa5 gxh4 33.Qxh4 f5 34.Bxb6 Bxb6 35.Rxb6 Rg8 36.Qxe4 fxe4
37.Rcxc6+ Kd8 38.Rd6 Qxd6 39.Rxd6+ Ke7 40.Ra6 Rd8 41.Ra4 Rd1+ 42.Kh2 Re1
43.Ra3 Kf6 44.g4 Rd1 45.Re3 Rd4 46.Kg3 Ke6 47.h4 Kf6 48.Ra3 Rd6 49.f3 exf3
50.Rxf3+ Kg7 51.h5 Rd1 52.Ra3 Rd7 53.g5 Rf7 54.Ra4 Re7 55.Re4 Kf7 56.Kg4 Kg7
57.Kf5 Rf7+ 58.Kxe5 Rf1 59.Ra4 Re1+ 60.Kf5 Rf1+ 61.Rf4 Rh1 62.h6+ Kh7 63.g6+ Kg8
64.Kf6 Kh8 65.Rd4 Rf1+ 66.Ke5 Re1+ 67.Kf4 Rf1+ 68.Ke3 Re1+ 69.Kd2 Re8 70.Rd7 Kg8
71.Kd3  1-0